000 00561nam a2200181Ia 4500
003 IN-BaIIA
008 211028s9999 xx 000 0 eng d
040 _cIIA Library
080 _a52-735
_bXRA
245 0 _aX-ray Symposium 1981
_cedited by A. G. Davis Philip
260 _aNew York
_bL. Davis Press
_c1981
300 _a76p.
490 _aASNY news letter; v. 1, no. 9
650 _aAstronomy and astrophysics thesaurus
650 _aX-Ray Astronomy
_97473
700 _aDavis Philip, A. G., ed.
_912444
942 _cBK
999 _c8076
_d8076